000 00795nam a2200229 a 4500
999 _c12202
_d12202
001 12202
003 BD-JhCC
005 20210323123039.0
008 210323b 2010bg a|||| ||a| 000 0 mul d
020 _a9789848933060
035 _a(BD-JhCC)12202
040 _aBD-JhCC
_dBD-JhCC
041 _amul
082 _a537.071
_bHAQ 2010
100 _a হক, মোঃ মমিনুল
245 _aইলেকট্রিসিটি এন্ড কম্পিউটার
_cমোঃ মমিনুল হক
260 _aঢাকা :
_bজ্ঞানকোষ প্রকাশনী;
_c২০১০.
300 _a১৯৬ পৃ. :
_bচিত্রাবলী;
_c২৪ সে.মি.
650 _aScience--Study and teaching
942 _2ddc
_cBK